Online Catalogue and eLibrary

Lakdiwa Budu samaye ithihasaya : (Record no. 904)

MARC details
000 -LEADER
fixed length control field 00256nam a2200097Ia 4500
008 - FIXED-LENGTH DATA ELEMENTS--GENERAL INFORMATION
fixed length control field 240331s9999 xx 000 0 und d
082 ## - DDC Classification
Class No. 294
Item Number - Author Mark WAL
100 ## - MAIN ENTRY--PERSONAL NAME
Personal name Walpola Sri Rahula ,Himi
245 #0 - TITLE STATEMENT
Title Lakdiwa Budu samaye ithihasaya :
Remainder of title Anurapura period
942 ## - Koha item type (Biblio)
Koha item type Books in Stacks (Lending)
Holdings
Lost status Damaged status Collection code Home library Current library Shelving location Date acquired Full call number Accession Number Item type
    Lending WERC Library WERC Library Social Science Cupboard 03/31/2024 294 WAL 3430 Books in Stacks (Lending)

© WERC Library